Proceedings of the ... , 7-9 August 1985, Bangkok, Thailand

Bibliographic Details
Corporate Author: ASEAN-Australia Workshop on Forest Tree Improvement
Format: Book
Published: (Kuala Lumpur : ASEAN-Australia Tree Improvement Programme , 1985
Subjects:

MARC

LEADER 00000cam a2200000 7i4500
001 0000001864
005 20031206.0
090 0 0 |a 634.956   |b ASEAN1985 
110 1 0 |a ASEAN-Australia Workshop on Forest Tree Improvement   |k 1985   |j Bangkok, Thailand 
245 1 0 |a Proceedings of the ... , 7-9 August 1985, Bangkok, Thailand 
260 0 0 |a (Kuala Lumpur :   |b ASEAN-Australia Tree Improvement Programme ,   |c 1985 
300 |a Various pagings ;   |c 30 cm. 
650 0 0 |a Forests and forestry   |x Congresses 
650 0 0 |a Tree breeding   |x Congresses 
998 |a JPSM 
999 |a 0000003056   |b Monograph   |c Open Shelf   |e Default branch